| 000 | 00852nam a22002537a 4500 | ||
|---|---|---|---|
| 999 |
_c15266 _d15266 |
||
| 003 | AR-CdUCM | ||
| 008 | 190426b ||||| |||| 00| 0 spa d | ||
| 020 | _a978-607-404-513-0 | ||
| 040 |
_aMUNICIPALIDAD PROVINCIAL DEL CUSCO _cBIBLIOTECA MUNICIPAL DEL CUSCO |
||
| 041 | _heng | ||
| 082 |
_aPI / 37601 / _bT22 |
||
| 110 |
_aAdvanced Marketing _933636 |
||
| 245 |
_aDisney Baby Einstein : _bTarjetas de descubrimiento de las estaciones / |
||
| 260 |
_aMéxico : _bSilver Dolphin, _c2012. |
||
| 300 |
_bilustraciones, _c18.5 cm. |
||
| 500 | _aEjemplar conformado por tarjetas. | ||
| 650 |
_aAprendizaje infantil _933271 |
||
| 650 |
_aPrimera infancia _924660 |
||
| 650 |
_aSiglo XXI _92856 |
||
| 700 |
_aMoral, Susana del (traducción) _932914 |
||
| 710 |
_aThe Baby Einstein Company. _934316 |
||
| 942 |
_2ddc _cLIBROS |
||
| 945 |
_aachl _d2019-04-26 |
||